Thiên

Guardat en:
Dades bibliogràfiques
Format: Llibre
Idioma:Undetermined
Publicat: Hà Nội Khoa học Xã hội 2003
Matèries:
Etiquetes: Afegir etiqueta
Sense etiquetes, Sigues el primer a etiquetar aquest registre!
Thư viện lưu trữ: Trung tâm Học liệu Trường Đại học Cần Thơ
LEADER 00459nam a2200169Ia 4500
001 CTU_92651
008 210402s9999 xx 000 0 und d
082 |a 181.11 
082 |b Th305 
245 0 |a Thiên 
245 0 |c Trương Lập Văn ... [et al.] 
260 |a Hà Nội 
260 |b Khoa học Xã hội 
260 |c 2003 
650 |a Philosophy, chinese 
904 |i Tuyến 
980 |a Trung tâm Học liệu Trường Đại học Cần Thơ